| 000 | 00884nas a2200289 i 4500 | ||
|---|---|---|---|
| 001 | 806 | ||
| 003 | ES-MaACL | ||
| 005 | 20250724062535.0 | ||
| 007 | t| | ||
| 008 | 950801c1955 es | | 1 ||pa d | ||
| 022 | _a0011-2755 | ||
| 080 | _a728.4 | ||
| 245 | 0 | 0 |
_aCultura : _brevista del Ministerio de Educación. |
| 260 |
_aSan Salvador : _b[Dirección General de Cultura], _c1955- |
||
| 300 |
_a1 v. : _bgrab. ; _c24 cm. |
||
| 310 | _aTrimestral | ||
| 362 | 0 | _aN. 1 (en.-feb. 1955)- | |
| 650 | 7 |
_aCultura _2embne _9170963 |
|
| 655 | 7 |
_2tgfbne _9226866 _aRevistas |
|
| 700 | 1 |
_aLars, Claudia, _970367 |
|
| 710 | 0 | 0 |
_aEl Salvador. _bDirección General de Cultura. _93460 |
| 852 |
_aES-MaACL _jHEM-H-276 _dOlim: HEM-1443 _cHEM _9829 |
||
| 866 | 0 | _o(1967),(1969)1970. | |
| 942 |
_2udc _cPERIODICA |
||
| 999 |
_c806 _d806 |
||